Simulácia a riadenie semi-aktívneho odpruženia vozidla vybaveného magnetoreologickými tlmičmi

Saved in:
Bibliographic Details
Main Author: Kohút, Maroš (Author)
Other Authors: Havelka, Ferdinand (Thesis advisor)
Format: Manuscript Book
Language:Slovak
Published: 2024
Subjects:
Online Access:http://is.stuba.sk/zp/portal_zp.pl?podrobnosti=178180
Tags: Add Tag
No Tags, Be the first to tag this record!

MARC

LEADER 00000ntm a22000003a 4500
001 stuzp100325
003 SK-STU
005 20240615211753.8
007 ta
008 150427s2015----xo-----f-mn---000-0-slo-d
040 |a STU  |b slo 
041 0 |a slo 
100 1 |a Kohút, Maroš  |u 020010  |4 aut  |U SjF Strojnícka fakulta  |T SjF Ústav aplikovanej mechaniky a mechatroniky  |X 104884  |U J0010  |Y 801  |7 104884 
242 0 1 |a Simulation and Control of Semi-active Vehicle Suspension Equipped with Magneto-rheological Dampers  |y eng 
245 1 0 |a Simulácia a riadenie semi-aktívneho odpruženia vozidla vybaveného magnetoreologickými tlmičmi 
260 |c 2024 
650 4 |a budenie od vozovky  |2 slo 
650 4 |a optimálne riadenie  |2 slo 
650 4 |a Matlab  |2 slo 
650 4 |a vertikálna dynamika  |2 slo 
650 4 |a magnetoreologický tlmič  |2 slo 
650 4 |a Simulink  |2 slo 
650 4 |a matematický model  |2 slo 
650 4 |a mathematical model  |2 eng 
650 4 |a road excitation  |2 eng 
650 4 |a magnetoreological damper  |2 eng 
650 4 |a optimal control  |2 eng 
650 4 |a Matlab  |2 eng 
650 4 |a vertical dynamics  |2 eng 
650 4 |a Simulink  |2 eng 
700 1 |a Havelka, Ferdinand  |u 020010  |k Z1  |4 ths  |U SjF Strojnícka fakulta  |T SjF Ústav aplikovanej mechaniky a mechatroniky  |X 14040  |U J0010  |Y 801  |7 A000014040 
856 4 |u http://is.stuba.sk/zp/portal_zp.pl?podrobnosti=178180